Zufällige europäische Hauptstadt zu Land - Statistiken

Allgemein
  • Dieses Quiz wurde 684 mal gespielt
  • Das Durchschnittsergebnis liegt bei 9 aus 10
Antwortstatistiken
Hauptstadt Land % Korrekt
Berlin Deutschland
100%
Paris Frankreich
100%
Dublin Irland
100%
Rom Italien
100%
Wien Österreich
100%
Warschau Polen
100%
Kiew Ukraine
100%
Vatikanstadt Vatikanstadt
100%
London Vereinigtes Königreich
100%
Brüssel Belgien
97%
Athen Griechenland
97%
Moskau Russland
97%
Bern Schweiz
97%
Budapest Ungarn
97%
Andorra la Vella Andorra
96%
Kopenhagen Dänemark
96%
Reykjavík Island
96%
Amsterdam Niederlande
96%
Lissabon Portugal
96%
Bukarest Rumänien
95%
Helsinki Finnland
94%
Madrid Spanien
94%
Riga Lettland
93%
Luxemburg Luxemburg
93%
San Marino San Marino
93%
Prag Tschechien
93%
Stockholm Schweden
92%
Sofia Bulgarien
91%
Vilnius Litauen
91%
Monaco Monaco
91%
Zagreb Kroatien
90%
Valletta Malta
89%
Minsk Weißrussland
89%
Belgrad Serbien
87%
Tallinn Estland
86%
Oslo Norwegen
86%
Bratislava Slowakei
82%
Sarajevo Bosnien und Herzegowina
80%
Ljubljana Slowenien
80%
Tirana Albanien
75%
Vaduz Liechtenstein
75%
Skopje Nordmazedonien
73%
Pristina Kosovo
65%
Chișinău Moldawien
64%
Podgorica Montenegro
61%
Keine übereinstimmenden Quizze gefunden
Verteilung der Resultate
Anzahl Personen mit jedem Resultat
Perzentil nach korrekt beantworteten Fragen
Ihre Resultats-Entwicklung
Sie haben dieses Quiz noch nicht gespielt